000 00938cam a22002772 4500
001 0000020814
003 OSt
005 20160609163602.0
008 111018s xx 000 0 eng d
020 _a0198735724 :
_cKES 7550
040 _aKABU
_cKABU
050 _aKD979
_b.A23 2015 c. 1
100 1 _aAbbey, Robert M.
245 1 2 _aA Practical approach to conveyancing /
_cRobert M. Abbey, Mark B. Richards.
250 _a17th ed.
260 _aOxford :
_bO. U. P.,
_c2015.
300 _axxxiv, 516 p.
650 0 _aConveyancing
_zGreat Britain.
650 0 _aLand titles
_xRegistrations and transfer
_zGreat Britain.
700 1 _aRichards, Mark B.
908 _a111018
942 _2lcc
_cBK
_e17th ed.
_hKD979
_i.A23 2015 c. 1
999 _c15990
_d15990